[Event "Rosario Bandera Memorial"]
[Site "Rosario"]
[Date "2017.06.17"]
[Round "1"]
[White "Zabala, Miqueas"]
[Black "Arrondo, Hernan"]
[Result "0-1"]
[WhiteElo "1388"]
[BlackElo "2072"]
[PlyCount "62"]
[EventDate "2017.06.17"]
[EventType "swiss"]
[EventRounds "7"]
[EventCountry "ARG"]
[SourceTitle "CBM 179 Extra"]
[Source "ChessBase"]
[SourceDate "2017.08.23"]
[SourceVersion "1"]
[SourceVersionDate "2017.08.23"]
[SourceQuality "1"]

1. d4 d5 2. Bf4 Nf6 3. e3 g6 4. h3 Bg7 5. c4 0-0 6. Nf3 c5 7. Nc3 cxd4 8. exd4 Nc6 9. Be2 a6 10. a4 b6 11. 0-0 dxc4 12. Bxc4 Bb7 13. Qd2 Na5 14. Be2 Nb3 15. Qd3 Nxa1 16. Rxa1 Nd5 17. Nxd5 Qxd5 18. Rd1 Rac8 19. Kf1 Qa2 20. Qa3 Qxa3 21. bxa3 Rfd8 22. Ne5 Rc2 23. Nc4 Rxd4 24. Be3 Rxd1+ 25. Bxd1 Rxc4 26. Bxb6 Rc1 27. Ke2 Bxg2 28. Be3 Bf3+ 29. Kxf3 Rxd1 30. Ke2 Ra1 31. Bc5 e6 0-1